000 00530nam a2200169 i 4500
001 147909
003 ES-MaACL
005 20230906202321.0
007 t|
008 071008s1971 xxk ||||1| eng d
110 2 _aUniversity of Leeds.
_bDepartment of Philosophy.
_97509
245 1 0 _aA Wittgenstein workbook /
_cChristopher Coope, Timothy Potts, Peter Geach.
260 _aOxford :
_bBasil Blackwell,
_c1971.
300 _a51 p. ;
_c21 cm.
700 1 _aCoope, Christopher.
_940377
852 _aES-MaACL
_j2096-F-17
_bR.94293
999 _c147909
_d147909